Famous Brazilians by Picture #3 - Statistics

General Stats
  • This quiz has been taken 25 times
    24 since last reset
  • The average score is 8 of 20
Answer Stats
Picture Hint Answer % Correct
President Lula
96%
Soccer Player Marta
87%
Singer Anitta
83%
Tennis Player Guga
70%
Racing Driver Rubens Barrichello
57%
Comedian Fábio Porchat
52%
Journalist Glória Maria
52%
Skateboarder Rayssa Leal
48%
Writer Paulo Coelho
39%
Swimmer César Cielo
30%
Saint Sister Dulce
30%
Supermodel Alessandra Ambrósio
26%
Actress Alice Braga
26%
Artistic Gymnast Daiane dos Santos
26%
Volleyball Player Giba
26%
Indigenous Activist Sônia Guajajara
22%
Composer Pixinguinha
13%
Competitive Sailor Robert Scheidt
13%
Immunologist Vital Brasil
9%
Physicist César Lattes
4%
No matching quizzes found
Score Distribution
Percent of People with Each Score
Percentile by Number Answered
Your Score History
You have not taken this quiz since the last reset